Statistics for Harry Potter A-Z

Click here to take the quiz!

General Stats

  • This quiz has been taken 104 times
  • The average score is 19 of 27

Answer Stats

Hint Answer % Correct
What is the name of the giant spider that terrifyes Ron?aragog
93%
Harry's father's namejames
90%
a common sportQuidditch
90%
Nagini is aSnake
89%
what is sirius's animal?dog
89%
luna's surnamelovegood
88%
The Sortinghat
88%
Draco's best friendgoyle
87%
Luna's DadXenophilius
84%
A ministry of magic witch who judges and teaches at hogwarts in the fifth bookUmbridge
84%
draco and harry both had this make of broomsticknimbus
83%
the bulgarian seekerkrum
83%
what is hermione's cat called?crookshanks
83%
Hogwart's joking ghostPeeves
82%
Dumbledore gives Harry his father's ____________ _____invisibility cloak
79%
Harry's best friends full christian nameRonald
76%
The celebratory ball for championsYule
74%
The old joke shop in HogsmeadeZonko's
72%
A female wizardWitch
62%
strong, stupid magical creature that likes water and messTroll
61%
the first O in O.W.L's stands forOrdinary
59%
Draco Malfoy used a _________Vanishing
54%
Who does Nagini possess in the deathly hallows?bathilda
53%
what spell does tonks use to fix harry's nose?episkey
37%
What does Hagrid make the year 9's care for as their second lesson?flobberworms
16%
In the Prisoner Of Azkaban, when Gryffindor are celebrating, McGonagall comes in and orders them all togo to bed
5%
When the dementors attack, Harry hears hismum
5%

Score Distribution

Percentile by Number Answered

Percent of People with Each Score

Your Score History

You have not taken this quiz